000 00608nam a2200253 a 4500
003 AR-BaBNM
005 20251128203228.0
008 082120s2002 ||||||||||||||000 | spa||
040 _cAR-BaBNM
100 1 _aGarcía Saraví, Gustavo
245 0 0 _aMisiones
250 _a1ª ed.
260 _aBuenos Aires
_bEl autor
_c1980
300 _a74 p.
650 4 _aLITERATURA ARGENTINA
650 4 _aHISTORIA ARGENTINA
650 4 _aPOESIA
650 4 _aESCRITORES
650 4 _aLITERATURA FOLKLORICA
650 4 _aLITERATURA CONTEMPORANEA
655 _aLITERATURA
942 _cBK
998 _cMARTIN
999 _c2494
_d2494